The effect of dispersed counter ions on the flowability of mica in nonionic emulsion /
Saved in:
| Main Author: | |
|---|---|
| Format: | Thesis Book |
| Language: | English |
| Published: |
2007.
|
| Subjects: | |
| Tags: |
Add Tag
No Tags, Be the first to tag this record!
|
| LEADER | 00870cam a2200241 a 4500 | ||
|---|---|---|---|
| 001 | u749342 | ||
| 003 | SIRSI | ||
| 005 | 200712081159 | ||
| 008 | 071208s2007 my a t 000 0 eng m | ||
| 040 | |a UMM | ||
| 090 | |a QD3 |b UM 2007 Cho | ||
| 100 | 1 | |a Chong, Sow Ling. | |
| 245 | 1 | 4 | |a The effect of dispersed counter ions on the flowability of mica in nonionic emulsion / |c Chong Sow Ling. |
| 260 | |c 2007. | ||
| 300 | |a xi, 84 leaves : |b ill. (some col.) ; |c 30 cm. | ||
| 502 | |a Dissertation (M.Sc. (Analytical Chem. Instrumental Anal.)) -- Jabatan Kimia, Fakulti Sains, Universiti Malaya, 2007. | ||
| 504 | |a Bibliography: leaves 80-84. | ||
| 650 | 0 | |a Mica. | |
| 650 | 0 | |a Shear flow. | |
| 710 | 2 | |a Universiti Malaya. |b Jabatan Kimia. | |
| 900 | |a SK | ||
| 596 | |a 1 | ||
| 999 | |a QD3 UM 2007 CHO |w LC |c 1 |i A513156186 |d 21/12/2007 |f 21/12/2007 |g 1 |l STACKS |m P01UTAMA |r Y |s Y |t TESIS |u 21/12/2007 | ||
